000 00744na a2200277 4500
001 13882
003 MIRAKIL
005 20181213155146.0
008 161025b tu 000 0
020 _a9755532420
035 _a13882
040 _aMilas
_btur
_cTR-AnCHP
041 _atur
082 _a324.7
_bT21s 1997
090 _a324.7 T21s 1997
100 _aTacar, Pulat
245 _aSiyasetin finansmanı
_cPulat Tacar
260 _aAnkara
_bDoruk
_c1997
300 _a97 s.
_c18 sm.
650 _aSiyasal pazarlama
_xYolsuzluklar
650 _aSiyasal partiler
_xFinans
_zKronoloji
650 _aFinansman araçları
650 _aSeçim kampanyası yönetimi
657 _aSeçim kampanyası finansmanı
942 _2ddc
_cBKS
999 _c7689
_d7689